[Event "Medellin Flores op 30th"]
[Site "Medellin"]
[Date "2023.08.04"]
[Round "2"]
[White "De la Mota Rosario, Kelvin Jose"]
[Black "Orbe Vivero, Ariadna Estefania"]
[Result "0-1"]
[WhiteElo "1834"]
[BlackElo "1507"]
[PlyCount "74"]
[EventDate "2023.08.03"]
[EventType "swiss"]
[EventRounds "9"]
[EventCountry "COL"]
[SourceTitle "EXT 2024"]
[Source "ChessBase"]
[SourceDate "2023.10.10"]
[SourceVersion "1"]
[SourceVersionDate "2023.10.10"]
[SourceQuality "1"]

1. d4 Nf6 2. c4 g6 3. Nc3 Bg7 4. e4 d6 5. Nf3 0-0 6. Be2 e5 7. dxe5 dxe5 8. Bg5 c6 9. 0-0 Qc7 10. Qc2 Be6 11. Rad1 h6 12. Bh4 Nh5 13. Qd2 Nf4 14. Bd8 Qc8 15. b3 Nd7 16. Be7 Re8 17. Bd6 g5 18. Rfe1 Qd8 19. g3 Ng6 20. Kg2 g4 21. Ng1 Kh7 22. Bd3 h5 23. f4 gxf3+ 24. Nxf3 Bh6 25. Qf2 Rg8 26. Kh1 h4 27. Nxh4 Nxh4 28. gxh4 Bf4 29. Rg1 Nf6 30. Be2 Rxg1+ 31. Qxg1 Qa5 32. Rd3 Rg8 33. Qf2 Ng4 34. Bxg4 Bxg4 35. Bc5 Rd8 36. Nd5 cxd5 37. cxd5 Qa6 0-1

[Event "Medellin Flores op 30th"]
[Site "Medellin"]
[Date "2023.08.04"]
[Round "3"]
[White "Orbe Vivero, Ariadna Estefania"]
[Black "Ventura Rosario, Julio Esdeulin"]
[Result "1-0"]
[WhiteElo "1507"]
[BlackElo "1881"]
[PlyCount "63"]
[EventDate "2023.08.03"]
[EventType "swiss"]
[EventRounds "9"]
[EventCountry "COL"]
[SourceTitle "EXT 2024"]
[Source "ChessBase"]
[SourceDate "2023.10.10"]
[SourceVersion "1"]
[SourceVersionDate "2023.10.10"]
[SourceQuality "1"]

1. d4 Nf6 2. Nf3 d5 3. Bf4 c5 4. e3 Qb6 5. Nc3 Bg4 6. Nb5 Na6 7. h3 Bh5 8. c3 Bxf3 9. Qxf3 c4 10. a4 Rc8 11. g4 e6 12. Bg2 Be7 13. Qe2 Nb8 14. Qc2 a6 15. Na3 Bd6 16. Bxd6 Qxd6 17. f4 Nc6 18. Nb1 Na5 19. Nd2 Nd7 20. 0-0 0-0 21. e4 dxe4 22. Nxe4 Qc7 23. f5 exf5 24. Rxf5 g6 25. Rd5 Kg7 26. Rf1 Nc6 27. Qf2 Ne7 28. Rd6 f5 29. Qh4 Ng8 30. Ng5 Rf6 31. Qxh7+ Kf8 32. Rxd7 1-0

[Event "South America-ch U16 Girls 16th"]
[Site "Buenos Aires"]
[Date "2019.12.05"]
[Round "8.6"]
[White "Ayala Rosero, Ariana Marcela"]
[Black "Orbe Vivero, Ariadna Estefania"]
[Result "0-1"]
[WhiteElo "1515"]
[BlackElo "1376"]
[PlyCount "68"]
[EventDate "2019.12.01"]
[EventType "swiss"]
[EventRounds "9"]
[EventCountry "ARG"]
[SourceTitle "EXT 2024"]
[Source "ChessBase"]
[SourceDate "2023.10.10"]
[SourceVersion "1"]
[SourceVersionDate "2023.10.10"]
[SourceQuality "1"]

1. d4 Nf6 2. c4 g6 3. Nc3 Bg7 4. e4 d6 5. Nf3 0-0 6. Be2 e5 7. d5 a5 8. Be3 Ng4 9. Bg5 f6 10. Bh4 g5 11. Bg3 f5 12. Nd2 Nf6 13. f3 f4 14. Bf2 Qe8 15. c5 Na6 16. cxd6 cxd6 17. Nc4 Qe7 18. Nb5 Bd7 19. Ncxd6 g4 20. 0-0 g3 21. hxg3 fxg3 22. Bxg3 Nh5 23. Bf2 Qg5 24. Nf5 Bxf5 25. exf5 Nf4 26. g3 Rf6 27. d6 Rh6 28. d7 Bf6 29. Bc4+ Kg7 30. g4 Nh3+ 31. Kg2 Nf4+ 32. Kg1 Rh1+ 33. Kxh1 Qh6+ 34. Kg1 Qh3 0-1

[Event "Pan American-ch U16 Girls"]
[Site "Guayaquil"]
[Date "2019.07.24"]
[Round "5"]
[White "Orbe Vivero, Ariadna Estefania"]
[Black "Salcedo Suquisupa, Ingrid Sthephania"]
[Result "0-1"]
[WhiteElo "1265"]
[BlackElo "1220"]
[PlyCount "138"]
[EventDate "2019.07.21"]
[EventType "swiss"]
[EventRounds "9"]
[EventCountry "ECU"]
[SourceTitle "EXT 2020"]
[Source "ChessBase"]
[SourceDate "2019.10.17"]
[SourceVersion "1"]
[SourceVersionDate "2019.10.17"]
[SourceQuality "1"]

1. d4 d5 2. Nf3 e6 3. Bf4 Nf6 4. e3 Bd7 5. Nbd2 Nc6 6. Ne5 Bd6 7. c3 b6 8. Bd3 Ne7 9. Bg3 Bc6 10. f4 Bd7 11. Qf3 c5 12. 0-0 Qc7 13. Rac1 Rc8 14. Ba6 Rb8 15. c4 Bc6 16. Nxc6 Nxc6 17. cxd5 Nxd5 18. Bc4 Nde7 19. dxc5 Bxc5 20. Ne4 Nf5 21. Nxc5 bxc5 22. Bb3 Qb7 23. Ba4 Rc8 24. Bf2 0-0 25. Rfd1 Rc7 26. g4 Nfe7 27. e4 Nb4 28. a3 Na6 29. b4 f5 30. exf5 exf5 31. b5 Nb8 32. g5 Nd7 33. Qe3 Ng6 34. h4 c4 35. Rd4 Rfc8 36. h5 Ngf8 37. Z0 Qb6 38. Qc3 Qb7 39. Qh3 Ne6 40. Qxf5 Nxd4 41. Bxd4 Nf8 42. h6 Rf7 43. Qg4 Qd7 44. Qxd7 Rxd7 45. Bxg7 Rf7 46. Rf1 Ne6 47. Bf6 Nc5 48. Bc2 Nd7 49. Bf5 Rd8 50. Bxd7 Rfxd7 51. Be5 Rd5 52. Rc1 Rc8 53. Kf2 Rxb5 54. Rc3 Rb3 55. Ke3 Kf7 56. Kd4 Rxc3 57. Kxc3 Kg6 58. a4 a6 59. Kb4 Rc6 60. a5 Kf5 61. Kc3 Ke4 62. Kd2 Kd5 63. Kc3 Ke4 64. Kd2 Kf3 65. Kc3 Ke3 66. Kb4 Kd3 67. Bc3 Rc8 68. Be5 c3 69. Bxc3 Rxc3 0-1

[Event "Pan American-ch U16 Girls"]
[Site "Guayaquil"]
[Date "2019.07.23"]
[Round "4"]
[White "Diaz Pabon, Karol Estefania"]
[Black "Orbe Vivero, Ariadna Estefania"]
[Result "1-0"]
[WhiteElo "1410"]
[BlackElo "1265"]
[PlyCount "99"]
[EventDate "2019.07.21"]
[EventType "swiss"]
[EventRounds "9"]
[EventCountry "ECU"]
[SourceTitle "EXT 2020"]
[Source "ChessBase"]
[SourceDate "2019.10.17"]
[SourceVersion "1"]
[SourceVersionDate "2019.10.17"]
[SourceQuality "1"]

1. e4 c5 2. Nf3 Nc6 3. d4 cxd4 4. Nxd4 Nf6 5. f3 Qb6 6. Nxc6 bxc6 7. c4 e5 8. a3 Bc5 9. Qc2 d5 10. cxd5 cxd5 11. Nc3 Qc7 12. Bb5+ Ke7 13. exd5 Bb7 14. Bg5 Rhd8 15. 0-0-0 Rac8 16. Rd3 Kf8 17. Bxf6 gxf6 18. Kb1 a6 19. Ba4 Bd4 20. Bb3 Qa5 21. Qd2 Kg7 22. Ne2 Qb6 23. Nxd4 exd4 24. Qf4 Bxd5 25. Bxd5 Rxd5 26. Qg4+ Rg5 27. Qxc8 Rxg2 28. Qc1 Qb5 29. Rxd4 Qf5+ 30. Ka1 Qxf3 31. Rg1 Rg6 32. Rxg6+ hxg6 33. Rf4 Qg2 34. Qc3 Qh1+ 35. Ka2 Qd5+ 36. Qc4 Qe5 37. Re4 Qd6 38. Rd4 Qe6 39. b4 f5 40. h4 Kh6 41. Kb2 Qe5 42. Qc5 Qe2+ 43. Kb3 Qe6+ 44. Ka4 Qe8+ 45. Ka5 Kg7 46. h5 Qe3 47. a4 g5 48. Rd8 Qxc5+ 49. bxc5 f4 50. c6 1-0

[Event "Pan American-ch U16 Girls"]
[Site "Guayaquil"]
[Date "2019.07.22"]
[Round "3"]
[White "Orbe Vivero, Ariadna Estefania"]
[Black "Macias Chavarro, Manuela"]
[Result "0-1"]
[WhiteElo "1265"]
[BlackElo "1624"]
[PlyCount "56"]
[EventDate "2019.07.21"]
[EventType "swiss"]
[EventRounds "9"]
[EventCountry "ECU"]
[SourceTitle "EXT 2020"]
[Source "ChessBase"]
[SourceDate "2019.10.17"]
[SourceVersion "1"]
[SourceVersionDate "2019.10.17"]
[SourceQuality "1"]

1. d4 Nf6 2. Bf4 g6 3. e3 d5 4. Nf3 c5 5. Nc3 Bg7 6. Be2 a6 7. 0-0 Nc6 8. Ne5 cxd4 9. exd4 0-0 10. Bf3 Be6 11. Re1 Qb6 12. Nxc6 Qxc6 13. a4 Qb6 14. Qd2 Rac8 15. Reb1 Rc4 16. Be5 Rfc8 17. a5 Qd8 18. Be2 Ne4 19. Nxe4 Rxc2 20. Qe3 dxe4 21. Bxg7 Kxg7 22. Qxe4 Rd2 23. Bd3 Bf5 24. Qe5+ f6 25. Qe3 Rxd3 26. Qe2 Rxd4 27. Re1 e5 28. Qf3 Qd5 0-1

[Event "ECU-ch U16 Girls"]
[Site "Guayaquil"]
[Date "2019.04.20"]
[Round "6"]
[White "Cata Pallo, Alejandra Nicole"]
[Black "Orbe Vivero, Ariadna Estefania"]
[Result "0-1"]
[WhiteElo "1438"]
[BlackElo "1188"]
[PlyCount "86"]
[EventDate "2019.04.17"]
[EventType "swiss"]
[EventRounds "9"]
[EventCountry "ECU"]
[SourceTitle "CBM 190 Extra"]
[Source "ChessBase"]
[SourceDate "2019.07.15"]
[SourceVersion "1"]
[SourceVersionDate "2019.07.15"]
[SourceQuality "1"]

1. d4 Nf6 2. Bf4 g6 3. e3 Bg7 4. h3 0-0 5. Nf3 d6 6. Be2 Nc6 7. c3 Nd7 8. 0-0 e5 9. Bh2 e4 10. Nfd2 f5 11. a4 Nf6 12. a5 Ne7 13. b4 g5 14. a6 Ng6 15. Qb3+ Kh8 16. axb7 Bxb7 17. Ra5 Bc8 18. Bb5 Rb8 19. Bc4 Qe7 20. Rxa7 f4 21. exf4 gxf4 22. Re1 e3 23. fxe3 fxe3 24. Nf3 Nh5 25. Qd1 Nhf4 26. Nbd2 Bf5 27. Nf1 Nxg2 28. Kxg2 Be4 29. Rxe3 Nh4+ 30. Kf2 Nxf3 31. Ke2 Nxh2 32. Nxh2 Rbe8 33. Qg1 Bh6 34. Ng4 Bxe3 35. Qxe3 Rf3 36. Qh6 Bd5+ 37. Ne5 Rf6 38. Rxc7 Bxc4+ 39. Kd2 Rf2+ 40. Ke1 Re2+ 41. Kd1 Qxc7 42. Qf6+ Qg7 43. Qxg7+ Kxg7 0-1

[Event "ECU-ch U16 Girls"]
[Site "Guayaquil"]
[Date "2019.04.20"]
[Round "7"]
[White "Orbe Vivero, Ariadna Estefania"]
[Black "Guerrero Caicedo, Arlette Sabina"]
[Result "0-1"]
[WhiteElo "1188"]
[BlackElo "1188"]
[PlyCount "74"]
[EventDate "2019.04.17"]
[EventType "swiss"]
[EventRounds "9"]
[EventCountry "ECU"]
[SourceTitle "CBM 190 Extra"]
[Source "ChessBase"]
[SourceDate "2019.07.15"]
[SourceVersion "1"]
[SourceVersionDate "2019.07.15"]
[SourceQuality "1"]

1. d4 d5 2. Nf3 e6 3. Bf4 Nf6 4. e3 Be7 5. h3 0-0 6. Bd3 c5 7. c3 Nc6 8. Nbd2 b6 9. Ne5 Bb7 10. Ndf3 Nd7 11. h4 f6 12. Nxd7 Qxd7 13. Bxh7+ Kxh7 14. Ng5+ fxg5 15. hxg5+ Kg8 16. Qh5 Rxf4 17. exf4 cxd4 18. g6 Bh4 19. Rxh4 Kf8 20. Qh8+ Ke7 21. Qxg7+ Kd6 22. Qxd7+ Kxd7 23. Rh7+ Ne7 24. cxd4 Rg8 25. g4 Rxg6 26. f3 Kd6 27. Kd2 Ba6 28. Re1 Nc6 29. Kc3 Rf6 30. Re3 Rxf4 31. Rh6 Nxd4 32. g5 Kc5 33. g6 Nf5 34. g7 Nxh6 35. Rxe6 Rxf3+ 36. Kd2 Rf7 37. Rxh6 Rxg7 0-1